| 000 | 00517cam a2200193ua 4500 | ||
|---|---|---|---|
| 001 | 2052 | ||
| 005 | 20260515113435.0 | ||
| 008 | 110806n ii |||gr||||Z||||||eng | ||
| 040 | _cMAIN | ||
| 082 | _a370.54162 | ||
| 100 |
_aChakravarty, Archana, _eAuthor. |
||
| 245 | 1 |
_aHistory of education in assam 1826-1919 _cby Archana Chakravarty |
|
| 250 | _a1st. | ||
| 260 |
_aNew Delhi: _bMittal Publication,989. |
||
| 300 |
_a163p: _c23cm. |
||
| 653 | _aEducation | ||
| 653 | _aHistory of education in assam | ||
| 942 | _cBK | ||
| 999 |
_c1921 _d1921 |
||